[Event "World Rapid 2019"]
[Site "Moscow RUS"]
[Date "2019.12.28"]
[Round "15"]
[White "Gundavaa, Bayarsaikhan"]
[Black "Blohberger, Felix"]
[Result "0-1"]
[WhiteElo "2541"]
[BlackElo "2316"]
[EventDate "2019.12.26"]
[Board "91"]

1. e4 e5 2. Nf3 Nf6 3. Nc3 Nc6 4. a3 d5 5. Bb5 Nxe4 6. Nxe5 Qf6 7. Nf3 Be6
8. O-O Bc5 9. d4 Nxc3 10. bxc3 Bd6 11. c4 O-O 12. c5 Bf4 13. Bxf4 Qxf4 14.
Bxc6 bxc6 15. Ne5 Rfe8 16. Nxc6 Bd7 17. Ne5 Bb5 18. Re1 f6 19. g3 Qf5 20.
Nd3 Rxe1+ 21. Qxe1 Re8 22. Qd2 Qg4 23. Nf4 g5 24. Nxd5 Qf3 25. Nc3 Re2 26.
Nxe2 Bc6 27. d5 Bxd5 28. Kf1 Qh1+ 29. Ng1 Bc4+ 30. Qd3 Qd5 31. Ne2 Bxd3 32.
cxd3 Qxd3 33. Ke1 h5 34. c6 Qd6 35. Rc1 Qxa3 36. Rd1 Kf7 37. Rd7+ Kg6 38.
Nd4 a5 39. Ke2 Qc3 40. f3 g4 41. f4 a4 42. f5+ Kh6 43. Ne6 Qxc6 44. Rd8
Qe4+ 45. Kd2 Qxf5 46. Rh8+ Kg6 47. Nf4+ Kf7 48. Rxh5 Qb1 49. Rc5 Qb4+ 50.
Rc3 a3 51. Nd3 Qa5 52. Nc1 a2 53. Nb3 Qd5+ 54. Kc2 Qxb3+ 55. Kxb3 a1=Q 56.
Rxc7+ Kg6 57. Rc2 Kf5 58. Kc4 Ke4 59. Kb3 Qb1+ 60. Kc3 Qxc2+ 61. Kxc2 Kf3
62. Kd2 Kg2 0-1

[Event "World Rapid 2019"]
[Site "Moscow RUS"]
[Date "2019.12.28"]
[Round "15"]
[White "Makoveev, Ilya"]
[Black "Lobanov, Sergei"]
[Result "1/2-1/2"]
[WhiteElo "2340"]
[BlackElo "2483"]
[EventDate "2019.12.26"]
[Board "92"]

1. e4 c6 2. d4 d5 3. e5 Bf5 4. h4 h6 5. g4 Bd7 6. c4 e6 7. Nc3 h5 8. gxh5
Nh6 9. Bd3 dxc4 10. Bxc4 Nf5 11. Nf3 Rxh5 12. Ng5 Rh8 13. Qf3 Na6 14. Nxf7
Nxh4 15. Rxh4 Qxh4 16. Nxh8 Qxh8 17. Bg5 Be7 18. Bxe7 Kxe7 19. Bxa6 Rf8 20.
Qg2 bxa6 21. O-O-O Rf5 22. Kb1 Qh6 23. Ka1 Qg5 24. Qf1 Qf4 25. Qxa6 Qxf2
26. Qxa7 g5 27. a4 g4 28. Qc5+ Kf7 29. Qa7 Ke7 30. Rh1 g3 31. Ne4 Qf1+ 32.
Rxf1 Rxf1+ 33. Ka2 g2 34. Nc5 g1=Q 35. Qxd7+ Kf8 36. Nxe6+ Kg8 37. Qe8+ Kh7
38. Qh5+ Kg8 39. Qe8+ Kh7 40. Qh5+ Kg8 41. Qe8+ Kh7 1/2-1/2

[Event "World Rapid 2019"]
[Site "Moscow RUS"]
[Date "2019.12.28"]
[Round "15"]
[White "Afanasiev, Nikita"]
[Black "Sek, Konstantin"]
[Result "1-0"]
[WhiteElo "2480"]
[BlackElo "2439"]
[EventDate "2019.12.26"]
[Board "93"]

1. Nf3 Nf6 2. g3 c5 3. Bg2 d5 4. O-O Nc6 5. c4 e5 6. cxd5 Nxd5 7. d3 Be7 8.
a3 O-O 9. Nc3 Be6 10. Rb1 Rc8 11. Bd2 a5 12. Ne1 Kh8 13. Nc2 f5 14. Ne3 Nb6
15. b3 Bf6 16. Nc4 g5 17. Be3 Nxc4 18. bxc4 Qe7 19. Na4 Nd4 20. Rxb7 Rc7
21. Rxc7 Qxc7 22. Nc3 Qg7 23. Qb1 e4 24. dxe4 fxe4 25. Bxd4 Bxd4 26. Nxe4
Bxc4 27. Qc2 Ba6 28. Re1 c4 29. e3 Bb2 30. Nc5 Bc8 31. a4 c3 32. Rd1 Ba3
33. Rd5 Bb4 34. h3 Qe7 35. Qd3 Qf6 36. Qc2 Bf5 37. e4 Bg6 38. Nd3 Qe6 39.
Qd1 Rc8 40. Ne1 Qf6 41. Nc2 Bc5 42. Qe2 Qe6 43. Qf3 Rf8 44. Qxc3+ 1-0

[Event "World Rapid 2019"]
[Site "Moscow RUS"]
[Date "2019.12.28"]
[Round "15"]
[White "Gurvich, Vitaly"]
[Black "Mikhailovsky, Vladimir"]
[Result "1-0"]
[WhiteElo "2348"]
[BlackElo "2267"]
[EventDate "2019.12.26"]
[Board "94"]

1. d4 Nf6 2. c4 e6 3. Nf3 Bb4+ 4. Bd2 Qe7 5. g3 O-O 6. Bg2 Nc6 7. Nc3 d5 8.
a3 Bxc3 9. Bxc3 Ne4 10. Qc2 Nxc3 11. Qxc3 dxc4 12. Qxc4 Rd8 13. O-O Bd7 14.
b4 Rac8 15. Rfd1 Be8 16. Rac1 a5 17. b5 Nb8 18. a4 b6 19. Ne5 f6 20. Nc6
Nxc6 21. Bxc6 Bxc6 22. Qxc6 Rd6 23. Qb7 Qd8 24. e3 Rd7 25. Qe4 Rd6 26. Rc4
e5 27. Rdc1 exd4 28. Rxd4 Rxd4 29. Qe6+ Kf8 30. exd4 Qe8 31. Qf5 h6 32. d5
Rd8 33. Rxc7 Qe5 34. Qxe5 fxe5 35. Rc6 Rxd5 36. Rxb6 Rd4 37. Ra6 Rxa4 38.
b6 Rb4 39. Rxa5 Rxb6 40. Rxe5 Kf7 41. Kg2 Kf6 42. Ra5 g6 43. g4 Rc6 44. Kg3
Rb6 45. f3 Rc6 46. h4 Rb6 47. Ra7 Rc6 48. Rh7 Rc1 49. h5 Kg5 50. Rg7 Rg1+
51. Kf2 Ra1 52. Rxg6+ Kh4 53. Rxh6 Ra2+ 54. Ke3 Kg3 55. Rf6 Rh2 56. Ke4 Kh4
57. Kf5 Rh3 58. Ke4 1-0

[Event "World Rapid 2019"]
[Site "Moscow RUS"]
[Date "2019.12.28"]
[Round "15"]
[White "Luukkonen, Tommi"]
[Black "Atabayev, Maksat"]
[Result "0-1"]
[WhiteElo "2332"]
[BlackElo "2527"]
[EventDate "2019.12.26"]
[Board "95"]

1. d4 Nf6 2. Bg5 Ne4 3. Bf4 d5 4. e3 e6 5. Nd2 Nxd2 6. Qxd2 Be7 7. Bd3 c5
8. c3 Nc6 9. Nf3 Bd7 10. O-O Qb6 11. dxc5 Qxc5 12. b4 Qb6 13. a4 a6 14. a5
Qd8 15. e4 O-O 16. Rad1 Qc8 17. Rfe1 dxe4 18. Bxe4 Rd8 19. Qc2 h6 20. Qc1
Bf8 21. Bb1 Be8 22. Qc2 g6 23. h4 h5 24. Ng5 Bg7 25. Ne4 Rxd1 26. Rxd1 Ne7
27. c4 Nf5 28. Bg5 Qc7 29. Bf6 Bc6 30. Bxg7 Bxe4 31. Qxe4 Kxg7 32. Qd3 Qe7
33. Qc3+ Kh7 34. Bxf5 gxf5 35. g3 Rg8 36. Qf3 Rg4 37. Kh2 Qxb4 38. Rd7 Kg6
39. Qxb7 Qxb7 40. Rxb7 Rxc4 41. Rb6 f4 42. Rxa6 f3 43. Rb6 Rc2 44. Kg1 Rc1+
45. Kh2 Rc2 46. Kg1 Rc3 47. Rb5 f6 48. a6 Ra3 49. a7 e5 50. Rb3 Ra1+ 51.
Kh2 e4 52. Rb7 Kf5 53. Rb5+ Kg6 54. Rb4 f5 55. Rb6+ Kf7 56. Rb5 Ke6 57.
Rb6+ Kd5 58. Rb5+ Kd4 59. Rxf5 Rxa7 60. Rxh5 Ra2 61. Rb5 Rxf2+ 62. Kh3 e3
0-1

[Event "World Rapid 2019"]
[Site "Moscow RUS"]
[Date "2019.12.28"]
[Round "15"]
[White "Carlsson, Pontus"]
[Black "Al Nhier, Hamoud"]
[Result "1-0"]
[WhiteElo "2501"]
[BlackElo "2025"]
[EventDate "2019.12.26"]
[Board "96"]

1. e4 Nc6 2. Nc3 e5 3. Nf3 Nf6 4. d4 exd4 5. Nxd4 Bb4 6. Nxc6 bxc6 7. Bd3
d5 8. exd5 Qe7+ 9. Qe2 Qxe2+ 10. Kxe2 cxd5 11. Nb5 Kd8 12. Rd1 c6 13. Nd4
Kc7 14. Bf4+ Bd6 15. Bxd6+ Kxd6 16. c4 Re8+ 17. Kf1 Rb8 18. b3 Bd7 19. cxd5
cxd5 20. Rac1 a5 21. f3 a4 22. Bc2 Rb6 23. bxa4 Ra8 24. Bb3 g6 25. Nb5+
Bxb5+ 26. axb5 Rxb5 27. Rd4 Nd7 28. Rcd1 Raa5 29. Ba4 Rc5 30. Rb4 Ne5 31.
Bb3 Nc6 32. Rb7 Nd8 33. Rb8 Kc7 34. Rb4 Kd6 35. g4 f5 36. gxf5 gxf5 37. Rh4
Rc7 38. Rhd4 Rcc5 39. Rh4 Rc7 40. Re1 Nc6 41. Rh6+ Kc5 42. Rc1+ Kb6 43. Rd6
d4 44. Bd5 Rc5 45. Rxc5 Kxc5 46. Rxc6+ Kxd5 1-0

[Event "World Rapid 2019"]
[Site "Moscow RUS"]
[Date "2019.12.28"]
[Round "15"]
[White "Usov, Aleksandr E."]
[Black "Thing, Bibek"]
[Result "0-1"]
[WhiteElo "1981"]
[BlackElo "2026"]
[EventDate "2019.12.26"]
[Board "97"]

1. e4 e6 2. d4 a6 3. Nf3 c5 4. c3 Be7 5. g3 Nf6 6. e5 Nd5 7. Bg2 O-O 8. O-O
cxd4 9. cxd4 b5 10. Nc3 Bb7 11. Be3 d6 12. Nxd5 Bxd5 13. Nd2 Bxg2 14. Kxg2
Nc6 15. Rc1 dxe5 16. Rxc6 exd4 17. Bf4 e5 18. Bh6 gxh6 19. Rxh6 Qd5+ 20.
Kg1 f5 21. Re1 Rf7 22. Rh5 Bb4 23. a3 Bxd2 24. Qxd2 Re8 25. Rg5+ Kh8 26.
Rd1 Rd8 27. Qa5 Qd6 28. Re1 d3 29. Qd2 e4 30. Rc1 Qf6 31. Rh5 f4 32. Re1
Qd4 33. Rh4 Rdf8 34. Rxf4 Rxf4 35. gxf4 Rg8+ 36. Kf1 Qg7 37. Qc3 Qxc3 38.
bxc3 Rc8 39. Rxe4 Rxc3 40. Kg2 Rxa3 41. Re7 Ra4 42. Rd7 Rxf4 43. Rxd3 Rf7
44. Ra3 Rf6 45. Kg3 b4 46. Ra1 b3 47. Rb1 Rb6 48. Kf4 a5 49. Ke5 a4 50. Kd4
a3 51. Kc3 a2 52. Ra1 b2 53. Rxa2 b1=Q 54. Ra8+ Kg7 55. Ra7+ Kf6 56. Kd2
Rd6+ 57. Kc3 Qc1+ 58. Kb4 Rb6+ 59. Ka5 Qc5+ 60. Ka4 Qb4# 0-1

[Event "World Rapid 2019"]
[Site "Moscow RUS"]
[Date "2019.12.28"]
[Round "15"]
[White "Glek, Igor"]
[Black "Al Thebaiti, Ahmed M"]
[Result "1-0"]
[WhiteElo "2478"]
[BlackElo "1841"]
[EventDate "2019.12.26"]
[Board "98"]

1. e4 e5 2. Nf3 Nc6 3. Nc3 Nf6 4. g3 Bb4 5. Bg2 O-O 6. O-O Bxc3 7. bxc3 d5
8. exd5 Nxd5 9. Re1 Re8 10. c4 Nf6 11. Bb2 Qd6 12. d3 Bg4 13. h3 Bf5 14. g4
Bg6 15. Nh4 Rab8 16. Rb1 Nd7 17. Qc1 Nf8 18. Ba3 Qd7 19. Bxf8 Kxf8 20. Qa3+
Kg8 21. Qa4 f6 22. Nxg6 hxg6 23. Rxb7 e4 24. Rxb8 Nxb8 25. Qxd7 Nxd7 26.
Bxe4 Kf8 27. Rb1 Nc5 28. Bxg6 Re2 29. Rb8+ 1-0

[Event "World Rapid 2019"]
[Site "Moscow RUS"]
[Date "2019.12.28"]
[Round "15"]
[White "Al Ghamdi, Ahmed M"]
[Black "Tissir, Mohamed"]
[Result "0-1"]
[WhiteElo "2106"]
[BlackElo "2356"]
[EventDate "2019.12.26"]
[Board "99"]

1. e4 c5 2. Nf3 e6 3. d4 cxd4 4. Nxd4 Nf6 5. Nc3 d6 6. Be2 a6 7. Be3 Qc7 8.
Qd2 b5 9. a3 Bb7 10. f3 Nbd7 11. O-O Be7 12. Rfd1 O-O 13. Kh1 Rac8 14. Rac1
Rfd8 15. Qe1 Ne5 16. Qf2 Qb8 17. Nb3 d5 18. exd5 Nxd5 19. Nxd5 Bxd5 20. Na5
Bd6 21. Ba7 Qa8 22. Bd4 Bc7 23. Nb3 Ng6 24. Bb6 Qb8 25. Bxc7 Qxc7 26. Nd4
Qb6 27. Qg1 e5 28. Nf5 Qe6 29. Ne3 Bb7 30. Qe1 Nf4 31. Bf1 e4 32. Rxd8+
Rxd8 33. Qh4 Qf6 34. Qxf6 gxf6 35. fxe4 Bxe4 36. Ng4 Kg7 37. Nf2 f5 38. Kg1
Rd2 39. Nxe4 fxe4 40. g3 Ne6 41. a4 Nd4 0-1

[Event "World Rapid 2019"]
[Site "Moscow RUS"]
[Date "2019.12.28"]
[Round "15"]
[White "Guimaraes, Diogo Duarte"]
[Black "Masrahi, Abdulrahman A"]
[Result "0-1"]
[WhiteElo "2286"]
[BlackElo "1867"]
[EventDate "2019.12.26"]
[Board "100"]

1. e4 e5 2. Nf3 Nc6 3. Bc4 Bc5 4. c3 Nf6 5. d4 exd4 6. e5 d5 7. Be2 Ne4 8.
cxd4 Bb6 9. O-O O-O 10. Nc3 Bg4 11. Be3 Be6 12. Na4 f5 13. exf6 Qxf6 14.
Rc1 Rae8 15. a3 Qd8 16. b4 Ne7 17. Qc2 c6 18. b5 Bc7 19. bxc6 bxc6 20. Ne5
Qd6 21. Nc5 Bf5 22. Qa4 Ng6 23. f4 Ne7 24. g4 Bc8 25. Nxe4 dxe4 26. Bc4+
Be6 27. f5 Bd5 28. Bf4 Bb6 29. Rfd1 Nxf5 30. gxf5 Rxf5 31. Bg3 Rfxe5 32.
Bxd5+ Qxd5 33. Bxe5 Qxe5 34. Qxc6 Qg5+ 35. Kh1 Rf8 36. Qe6+ Kh8 37. Rc8 Qf4
38. Rxf8+ Qxf8 39. Qxe4 h6 40. a4 Qb4 41. Rc1 Qf8 42. d5 Bc7 43. Kg2 Qd6
44. h4 Qh2+ 45. Kf3 Qg3+ 46. Ke2 Qh2+ 47. Kd3 Qd6 48. Rc6 Qa3+ 49. Ke2 Qb2+
50. Rc2 Qb8 51. Qe6 Qd8 52. d6 Qxd6 53. Qc8+ Bd8 54. Rd2 Qe5+ 55. Kd1 Qa1+
56. Ke2 Qe5+ 57. Kd3 Qd5+ 58. Kc3 Qa5+ 59. Kc2 Qxa4+ 60. Kb2 Qb4+ 61. Kc1
Qa3+ 62. Kd1 Qf3+ 63. Kc2 Qe4+ 64. Rd3 Qe2+ 65. Kc3 Qe1+ 66. Kd4 Qxh4+ 67.
Kc5 Qe7+ 68. Rd6 Qc7+ 69. Rc6 Qe5+ 70. Kc4 Qe4+ 71. Kb3 Qd3+ 72. Rc3 Qd5+
73. Kc2 Kh7 74. Rd3 Qg2+ 75. Kb3 Bf6 76. Qf5+ Qg6 77. Qd5 Qe8 78. Qf5+ Qg6
79. Qd5 Qe8 80. Qf5+ Kh8 81. Rd7 Qe3+ 82. Kc2 Qc3+ 83. Kd1 Qb3+ 84. Ke2 a6
85. Rd5 Qb2+ 86. Kf3 Qc3+ 87. Kg4 Qc4+ 88. Kh5 Qe2+ 89. Qg4 g6+ 0-1

[Event "World Rapid 2019"]
[Site "Moscow RUS"]
[Date "2019.12.28"]
[Round "15"]
[White "Miranda Neto, Jayme Amorim"]
[Black "Lam, Daniel King Wai"]
[Result "0-1"]
[WhiteElo "2171"]
[BlackElo "2146"]
[EventDate "2019.12.26"]
[Board "101"]

1. d4 e6 2. Nf3 Nf6 3. e3 c5 4. Bd3 b6 5. O-O Bb7 6. Qe2 Be7 7. Nbd2 O-O 8.
b3 d5 9. Bb2 Nbd7 10. Rfd1 Qc7 11. Rac1 Rac8 12. c4 Qb8 13. cxd5 Nxd5 14.
a3 cxd4 15. exd4 Nf4 16. Qe3 Nxd3 17. Qxd3 Nf6 18. Rxc8 Rxc8 19. Rc1 h6 20.
Rxc8+ Qxc8 21. Qc4 Qa8 22. Qc7 Nd5 23. Qc4 Qf8 24. b4 a6 25. Nf1 Qe8 26.
Ne3 Qa4 27. Qc2 Qxc2 28. Nxc2 Kf8 29. Ne5 Bd6 30. f3 Ke7 31. g3 f6 32. Nc4
Bc7 33. Kf2 g5 34. Ne1 h5 35. Nd3 Bc6 36. Bc1 Be8 37. Bd2 Bg6 38. Ncb2 Be8
39. a4 Bc6 40. Be1 Kf7 41. a5 bxa5 42. bxa5 Bb5 43. Nc5 e5 44. dxe5 Bxe5
45. Nbd3 Bd4+ 46. Kg2 Ne3+ 47. Kh3 Bxc5 0-1